000 00539nam a2200193Ia 4500
003 IN-BaIIA
008 211028s9999 xx 000 0 eng d
020 _a0-07-100380-0
040 _cIIA Library
080 _a681.31
_bKEI
100 _aKeiser, G. E
_919053
245 0 _aLocal area networks
_cG. E. Keiser
260 _aNew York
_bMcGraw-Hill
_c1989
300 _axvii, 420p.
650 _aComputer networks
_914177
650 _aLAN
_919054
650 _aNASA thesaurus
942 _cBK
999 _c11127
_d11127